| 000 | 00327pam a2200133 a 4500 | ||
|---|---|---|---|
| 020 | _c | ||
| 041 | _aeng | ||
| 082 |
_a050 _bJOS |
||
| 100 |
_aJoseph A , _eAuthor . |
||
| 245 |
_aCyber Law Vol - 8 , _hBound Volumes |
||
| 260 |
_a[s.l]: _bThe Lctai University Journal of Press , _c2009. |
||
| 300 |
_bHb; _c28*20. |
||
| 930 | _a16736 | ||
| 999 |
_c59957 _d59957 |
||